Famous Songs written by Other Artists - Statistics

General Stats
  • This quiz has been taken 23 times
  • The average score is 6 of 12
Answer Stats
Hint Answer % Correct
I Will Always Love You - Whitney Houston Dolly Parton
91%
Hallelujah - Jeff Buckley Leonard Cohen
74%
Hurt - Johnny Cash Trent Reznor / Nine Inch Nails
61%
All Along The Watchtower - Jimi Hendrix Bob Dylan
52%
With A Little Help From My Friends - Joe Cocker Paul McCartney & John Lennon / The Beatles
52%
Nothing Compares 2 U - Sinead O'Connor Prince / The Family
52%
Dreams - The Corrs Stevie Nicks / Fleetwood Mac
52%
American Woman - Lenny Kravitz The Guess Who
43%
Respect - Aretha Franklin Otis Redding
39%
Valerie - Mark Ronson & Amy Winehouse The Zutons
22%
Take Me To The River - Talking Heads Al Green & Mabon Hodges
13%
I Love Rock 'n' Roll - Joan Jett & the Blackhearts Alan Merrill & Jake Hooker / The Arrows
9%
No matching quizzes found
Score Distribution
Percent of People with Each Score
Percentile by Number Answered
Your Score History
You have not taken this quiz